| 000 | 01583nam2a2200289 4500 | ||
|---|---|---|---|
| 001 | RU\NLR\BIBL_A\022570664 | ||
| 005 | 20260424103822.0 | ||
| 010 |
_a978-5-98422-682-0 _bт. 1 |
||
| 021 |
_aRU _bКН-П-25-025352 _9КН-П-25-2525 |
||
| 035 | _a(NLR Aleph) 022570664 | ||
| 090 |
_a13442624 _c13442624 |
||
| 100 | _a20250620d2024 k y0rusy50 ca | ||
| 101 | 0 | _arus | |
| 102 | _aRU | ||
| 105 | _aach z 000yy | ||
| 181 | 0 |
_ai _baxxe |
|
| 182 | 0 | _an | |
| 200 | 1 | _aМонографии | |
| 210 | _d2024 | ||
| 215 |
_a201 с. _cил., портр., факс. |
||
| 300 | _aНа 6–9-й с. авт.: Волох В. А., д-р полит. наук, проф. | ||
| 320 | _aБиблиогр.: с. 133–134 (17 назв.) и в подстроч. примеч. | ||
| 461 | 0 |
_1001RU\NLR\BIBL_A\022569009 _12001#$aИзбранное$eв трех томах$fВ. А. Волох$gМинистерство науки и высшего образования Российской Федерации, Федеральное государственное бюджетное образовательное учреждение высшего образования "Государственный университет управления"$vТ. 1 _1700#1$aВолох$bВ. А.$f1944-$gВладимир Александрович _913696123 _aВолох, В. А. (1944-) _cМосква _d2024 _fВ. А. Волох _nРИТМ _oв трех томах _tИзбранное _y978-5-98422-681-3 _vТ. 1 |
|
| 942 | _cBOOK | ||
| 980 | _aNB | ||